Normal view
MARC view
- القانون المدني -- الارشاد -- شبكات الانترنت
Entry Topical Term
001 - CONTROL NUMBER
- control field: 12245
003 - CONTROL NUMBER IDENTIFIER
- control field: JO-AjAnu
005 - DATE AND TIME OF LATEST TRANSACTION
- control field: 20230606072249.0
008 - FIXED-LENGTH DATA ELEMENTS
- fixed length control field: 230606|| aca||aabn | a|a d
040 ## - CATALOGING SOURCE
- Original cataloging agency: JO-AjAnu
- Transcribing agency: JO-AjAnu
150 ## - HEADING--TOPICAL TERM
- Topical term or geographic name entry element: القانون المدني -- الارشاد -- شبكات الانترنت
670 ## - SOURCE DATA FOUND
- Source citation: Work cat.: (JO-AjAnu)6307: اعداد دودين ، بشار محمود ، اشراف المحاسنة ، محمد يحيى , author 12244, الإطار القانوني للعقد المبرم عبر شبكة الإنترنت